| 000 | 00619nam a22002177a 4500 | ||
|---|---|---|---|
| 005 | 20251108173304.0 | ||
| 008 | 250721s1999 xx 000 0 ara d | ||
| 020 | _a1841170224 | ||
| 082 | 1 | 4 | _a189/محم |
| 100 | 1 | _aمحمد، يحيى | |
| 245 | 1 | 0 | _aمدخل الى فهم الإسلام / |
| 264 | 1 |
_aبيروت : _bمؤسسة الإنتشار العربي، _c1999. |
|
| 300 | _a471ص | ||
| 650 | 1 | 7 | _aالفكر الإسلامي |
| 650 | 1 | 7 | _aالوجود |
| 650 | 1 | 7 | _aالعقل |
| 650 | 1 | 7 | _aعلم النفس |
| 650 | 1 | 7 | _aالحضارة الإسلامية |
| 942 |
_2ddc _cBK |
||
| 999 |
_c100451 _d100451 |
||